| 000 | 00802nam a22002537i 4500 | ||
|---|---|---|---|
| 003 | DO-SdBNP | ||
| 005 | 20250812104408.0 | ||
| 007 | ta | ||
| 008 | 250812s2025 dr 000 0 spa d | ||
| 020 | _a9789945293609 | ||
| 040 |
_aDO-SdBNP _bspa _cBNPHU _erda |
||
| 041 | _asp | ||
| 082 |
_axxx _bS237r _222 |
||
| 100 | 1 |
_aSantos, Rafael _eautor _988479 |
|
| 245 | 1 | 0 |
_aRol de la mujer en el desarrollo integral de la nación dominicana : _bmemorias de un simposio / _cRafael Santos, compilador |
| 264 |
_aSanto Domingo : _bCooperativa la Unión, _c2025 |
||
| 300 |
_a201 páginas : _bilustraciones ; _c24 cm. |
||
| 336 |
_ardacontent _btexto _2txt |
||
| 337 |
_ardamedia _bsin mediación _2n |
||
| 338 |
_ardacarrier _bvolumen _2nc |
||
| 590 | _aInventariado,2025/DG | ||
| 910 | _aDG | ||
| 942 |
_2ddc _cLBS1 |
||
| 999 |
_c59766 _d59766 |
||